000 00584nam a2200217Ia 4500
003 OSt
005 20220918203009.0
006 a|||||r|||| 00| 0
007 ta
008 220917b |||||||| |||| 00| 0 eng d
024 _a105,362
037 _cTextual
040 _aARTS
_cARTS
_beng
041 _2eng
_aeng
082 _aV3:21wM19, G0.1-G0.2
245 0 _aLetters (third series) between the years 1886 and 1901, ed by George Earle Buckle
260 _c1930
650 _aHISTORY
942 _hV3:21wM19, G0.1-G0.2
_cTEXL
_2CC
999 _c228721
_d228721